00293nam a2200145Ia 45000030006000000050017000060080041000230400009000640410012000730820013000851000011000982450021001092600009001303000008001390Nust20170105110256.0161124s9999 xx 000 0 und d cIGIS aEnglish a617bDAS aS. Das aClinical Surgery c1997 a469